БДС 2051-55 Копчета от мидени черупки. - М 51 (Запис номер 545737)
[ съкратено ]
| 000 -Лидер | |
|---|---|
| Лидер | 00795nam a2200217 a 4500 |
| 003 - Код на организацията, давaща контролен номер | |
| Код на организацията, даваща контролен номер | BLK |
| 005 - Дата и час на последна редакция | |
| Дата и час на последна редакция | 20250715164048.0 |
| 007 - Фиксирано поле за физическо описани | |
| Физическо описание | ta |
| 008 - Елементи от данни с фиксирана дължина | |
| Елементи с фиксирана дължина | 250709b bu |||||ru||| 00| | bu d |
| 040 ## - Източник на каталожния запис | |
| Код на библиотеката | BLK |
| 041 ## - Код за език | |
| Език | Български |
| Език за КДБФ | Български |
| 080 ## - УДК | |
| 9 (RLIN) | 239028 |
| УДК текст | Стандартизация и стандарти. Подразделя се със знак за отношение |
| УДК код | 006 |
| УДК – определител | (083.74) |
| УДК – код + определител | 006(083.74) |
| 245 ## - Сведения за заглавието | |
| Заглавие | БДС 2051-55 Копчета от мидени черупки. - М 51 |
| Подзаглавни данни | официално изд. |
| 260 ## - Област на издателските данни | |
| 9 (RLIN) | 214680 |
| Място на издаване | София |
| Име на издателя | Бълг. инст. за стандартизация |
| Година на издаване | 1955 |
| 300 ## - Физическа характеристика | |
| Брой страници | 4 с. |
| Размер | 20 см |
| 380 ## - Жанр | |
| Жанр | Общ отдел |
| 501 ## - Забележка „подвързано към” | |
| Подвързано към: | <br/> |
| 856 ## - Електронен адрес и достъп | |
| Инструкция (цена за достъп) | 0.00 |
| Права за достъп | disable |
| 942 ## - АРТИКУЛИ | |
| Източник на класификационната схема | Universal Decimal Classification |
| Вид на библиотечния документ | Български държавни стандарти |
| Скрит в OPAC | Не |
| 944 ## - СЪЗДАВАНЕ И РЕДАКЦИЯ на ЗАПИСА | |
| Дата на регистрацията/редакция | Мартин Енчев |
| Служител, извършил регистрацията/редакцията | 30575 |
| Номер на служител | Мартин Енчев |
| Създаване/Редакция | |
| 999 ## - СИСТЕМНИ КОНТРОЛНИ НОМЕРА | |
| Koha biblionumber | 545737 |
| Koha biblioitemnumber | 545737 |
| Код за отписване | Код за изгубен артикул | Източник на класификационната схема | Код за повреда | Коз за рестрикции | Код за отдаване | Артикулен № | Име на библиотеката - собственик | Име на библиотеката, в която се намира в момента | Статус (Текущо местоположение) | Дата на вписване в системата | Местоположение - отдел | Цена в лева | Инвентарен номер | Баркод | Цена в евро | Служебен тип на артикула |
|---|---|---|---|---|---|---|---|---|---|---|---|---|---|---|---|---|
| Не е изгубен | Universal Decimal Classification | Не е повреден | само за читалня | ползва се в читалня | 981495 | Регионална библиотека "Любен Каравелов" Русе | Регионална библиотека "Любен Каравелов" Русе | Хранилище | 2025-07-15 | Хранилище | 0.04 | 1194/60 | 120011946025 | 0.02 | Български държавни стандарти |